बॅलन्सशीट :एक ओळख (Record no. 72565)

MARC details
000 -LEADER
fixed length control field 00572nam a2200181Ia 4500
008 - FIXED-LENGTH DATA ELEMENTS--GENERAL INFORMATION
fixed length control field 090123s9999 xx 000 0 und d
082 ## - DEWEY DECIMAL CLASSIFICATION NUMBER
Item number 34510
100 ## - MAIN ENTRY--PERSONAL NAME
Personal name केळकर अरुण
245 ## - TITLE STATEMENT
Title बॅलन्सशीट :एक ओळख
250 ## - EDITION STATEMENT
Edition statement 0
260 ## - PUBLICATION, DISTRIBUTION, ETC. (IMPRINT)
Name of publisher, distributor, etc औदुंबर प्रकाशन
Date of publication, distribution, etc 2002
300 ## - PHYSICAL DESCRIPTION
Extent 80
600 ## - SUBJECT ADDED ENTRY--PERSONAL NAME
Personal name केळकर अरुण
630 ## - SUBJECT ADDED ENTRY--UNIFORM TITLE
Uniform title बॅलन्सशीट :एक ओळख
700 ## - ADDED ENTRY--PERSONAL NAME
Personal name केळकर अरुण
730 ## - ADDED ENTRY--UNIFORM TITLE
Uniform title बॅलन्सशीट :एक ओळख
942 ## - ADDED ENTRY ELEMENTS (KOHA)
Koha item type Book
Holdings
Withdrawn status Lost status Damaged status Not for loan Home library Current library Date acquired Cost, normal purchase price Total Checkouts Full call number Barcode Date last seen Cost, replacement price Price effective from Koha item type
        Jawahar Wachalanalaya, Kalwa Jawahar Wachalanalaya, Kalwa 11/24/2002 60.00   34510 KLW-34510 01/23/2009 60.00 01/23/2009 Book